000
00295nam a22001337a 4500
008
170721b xxu||||| |||| 00| 0 eng d
020
_a
9780240517025
041
_a
eng
080
_a
004
100
_a
29
101
_a
SHKI
245
_a
HOW TO CHEAT IN PHOTOSHOP
_c
CAPLIN, S
942
_2
udc
_c
BK
999
_c
21764
_d
21764